000 01124nam0a2200301 4500
001 RU\NLR\bibl\94403
005 20260409072554.0
010 _a5-222-01023-6
_910000
021 _aRU
_b2000-7216
_9361
035 _a(NLR Aleph) 000092249
090 _a517962
_c517962
100 _a20000626d2000 m y0rusy50 ca
101 0 _arus
102 _aRU
105 _aa |||||||||
200 1 _aВеселое застолье
_eПособие для тамады
_eОстроум. тосты, веселые частушки, застол. песни, ирон. стихи
_f[Авт.-сост.: Олег Бутаев]
210 _aРостов н/Д
_cФеникс
_d2000
215 _a411, [2] c.
_cил.
_d21
225 1 _aДомашняя энциклопедия
606 _aТосты (этногр.)
_3RU\NLR\auth\661059324
_91709316
686 _aТ595.24
702 1 _4220
_8rus
_7ca
_aБутаев
_bО. С.
_gОлег Савельевич
_3RU\NLR\auth\777201
_9117140
801 0 _aRU
_bNLR
_c20000626
_gPSBO
801 1 _aRU
_bNLR
_c20000626
852 _aNLR
_j2000-3/5176
942 _cBOOK
980 _aNB